000 00511nam a2200181Ia 4500
005 20241213162042.0
008 231217s9999 xx 000 0 und d
020 _a9780070085381
082 _a515.9 SPI;1 R
100 _aSpiegel, Late Murray, R. Lipschutz, Seymour. Schiller, Jhon, J [et all]
245 0 _aComplex Variables
250 _a2nd ed.
260 _c2009
_bTMH
_aNew Delhi
300 _axiii, 10.51+1.3
400 _aSchaum's out lines series
650 _aComplex,Variables
942 _cAA
999 _c184961
_d184961